[Event "Edmonton-ch"]
[Site "Edmonton CAN"]
[Date "2012.02.09"]
[Round "3.2"]
[White "Wang, Richard"]
[Black "Porper, Edward"]
[Result "1/2-1/2"]
[WhiteElo "2240"]
[BlackElo "2441"]
[PlyCount "55"]
[GameId "2160767909572998"]
[EventDate "2012.01.05"]
[EventType "k.o."]
[EventRounds "4"]
[EventCountry "CAN"]
[SourceTitle "EXT 2019"]
[Source "ChessBase"]
[SourceDate "2018.10.10"]
[SourceVersion "1"]
[SourceVersionDate "2018.10.10"]
[SourceQuality "1"]

1. d4 d5 2. Nf3 c6 3. c4 e6 4. e3 Bd6 5. b3 f5 6. Bd3 Nf6 7. O-O Qe7 8. Bb2 O-O 9. Qc1 Ne4 10. Ba3 Nd7 11. Bxd6 Qxd6 12. Qb2 c5 13. Nc3 Nxc3 14. Qxc3 b6 15. cxd5 exd5 16. Bb5 a6 17. Bxd7 Bxd7 18. dxc5 bxc5 19. Rac1 Rac8 20. Rfd1 Rfe8 21. Qd3 Be6 22. Ng5 Red8 23. Rd2 Rc6 24. Nxe6 Qxe6 25. Rdc2 Rdc8 26. Rd1 Rd8 27. Rdc1 Rdc8 28. Rd1 1/2-1/2

[Event "Edmonton-ch"]
[Site "Edmonton CAN"]
[Date "2012.02.11"]
[Round "3.3"]
[White "Pechenkin, Vladimir"]
[Black "Gardner, Robert"]
[Result "1-0"]
[WhiteElo "2320"]
[BlackElo "2195"]
[PlyCount "53"]
[GameId "2160767909572999"]
[EventDate "2012.01.05"]
[EventType "k.o."]
[EventRounds "4"]
[EventCountry "CAN"]
[SourceTitle "EXT 2019"]
[Source "ChessBase"]
[SourceDate "2018.10.10"]
[SourceVersion "1"]
[SourceVersionDate "2018.10.10"]
[SourceQuality "1"]

1. c4 e6 2. g3 d5 3. Bg2 dxc4 4. Na3 Bxa3 5. bxa3 c6 6. Qc2 b5 7. a4 a6 8. Nf3 Nf6 9. Ba3 Nd5 10. Rb1 Qa5 11. O-O Nd7 12. e4 N5b6 13. Bb4 Qxa4 14. Qb2 Nf6 15. Qd4 Nbd7 16. Ne5 a5 17. Bd6 Nxe5 18. Bxe5 O-O 19. Bxf6 gxf6 20. Qxf6 Qa3 21. e5 Re8 22. Bxc6 Ba6 23. Rbe1 Qd3 24. Re4 Qd8 25. Rg4+ Kf8 26. Qg7+ Ke7 27. Rf4 1-0

[Event "Edmonton-ch"]
[Site "Edmonton CAN"]
[Date "2012.02.11"]
[Round "3.4"]
[White "Gardner, Robert"]
[Black "Pechenkin, Vladimir"]
[Result "1-0"]
[WhiteElo "2195"]
[BlackElo "2320"]
[PlyCount "95"]
[GameId "2160767909573000"]
[EventDate "2012.01.05"]
[EventType "k.o."]
[EventRounds "4"]
[EventCountry "CAN"]
[SourceTitle "EXT 2019"]
[Source "ChessBase"]
[SourceDate "2018.10.10"]
[SourceVersion "1"]
[SourceVersionDate "2018.10.10"]
[SourceQuality "1"]

1. d4 f5 2. Nf3 Nf6 3. g3 e6 4. Bg2 d5 5. O-O Bd6 6. c4 c6 7. Nc3 O-O 8. Qc2 Qe7 9. Bg5 h6 10. Bf4 Bxf4 11. gxf4 Bd7 12. Ne5 Be8 13. e3 Nbd7 14. cxd5 cxd5 15. Nxd7 Bxd7 16. Rfc1 Rfc8 17. Qe2 Kh8 18. Kh1 Be8 19. Bf3 Ne4 20. Bxe4 dxe4 21. Rg1 Qh4 22. Rg3 Bh5 23. Qb5 Bf3+ 24. Kg1 Qf6 25. Qxb7 Rab8 26. Qa6 Rc7 27. Qa3 Rcb7 28. b3 Rc7 29. Na4 Rbc8 30. b4 g5 31. fxg5 hxg5 32. Rh3+ Kg8 33. Nc5 f4 34. Qa6 Qf5 35. Rh6 Rc6 36. Qc4 Qg4+ 37. Kf1 Kg7 38. Rxe6 Rxe6 39. Nxe6+ Kf6 40. Qxc8 Qg2+ 41. Ke1 Qg1+ 42. Kd2 Qxa1 43. Qh8+ Ke7 44. Qg7+ Kd6 45. Qe5+ Ke7 46. Nxg5+ Kd7 47. Qf5+ Kc6 48. b5+ 1-0

[Event "Edmonton-ch"]
[Site "Edmonton CAN"]
[Date "2012.02.13"]
[Round "3.4"]
[White "Porper, Edward"]
[Black "Wang, Richard"]
[Result "1-0"]
[WhiteElo "2441"]
[BlackElo "2240"]
[PlyCount "83"]
[GameId "2160767909573001"]
[EventDate "2012.01.05"]
[EventType "k.o."]
[EventRounds "4"]
[EventCountry "CAN"]
[SourceTitle "EXT 2019"]
[Source "ChessBase"]
[SourceDate "2018.10.10"]
[SourceVersion "1"]
[SourceVersionDate "2018.10.10"]
[SourceQuality "1"]

1. d4 d5 2. c4 c6 3. Nc3 Nf6 4. e3 e6 5. Bd3 Bd6 6. Bd2 Nbd7 7. Rc1 O-O 8. cxd5 exd5 9. Nge2 Re8 10. f3 c5 11. O-O b6 12. Qe1 Nf8 13. Qf2 Bb7 14. Kh1 Ne6 15. Qh4 g6 16. Bb5 Nd7 17. Qxd8 Raxd8 18. Bd3 a6 19. Bb1 Bf8 20. Rfd1 Bg7 21. Be1 Bh6 22. Bf2 cxd4 23. Nxd4 Nxd4 24. Rxd4 Bxe3 25. Bxe3 Rxe3 26. Nxd5 Bxd5 27. Rxd5 Rde8 28. Rdd1 Nc5 29. Kg1 Na4 30. Kf1 Nxb2 31. Rd6 Nc4 32. Rxc4 Re1+ 33. Kf2 Rxb1 34. Rc2 Re7 35. Kg3 Kg7 36. h4 h5 37. Rd8 a5 38. Rb8 Ra7 39. Kf2 a4 40. g4 hxg4 41. fxg4 a3 42. g5 1-0

[Event "Edmonton-ch"]
[Site "Edmonton CAN"]
[Date "2012.02.11"]
[Round "3.5"]
[White "Gardner, Robert"]
[Black "Pechenkin, Vladimir"]
[Result "1/2-1/2"]
[WhiteElo "2195"]
[BlackElo "2320"]
[PlyCount "89"]
[GameId "2160767909573002"]
[EventDate "2012.01.05"]
[EventType "k.o."]
[EventRounds "4"]
[EventCountry "CAN"]
[SourceTitle "EXT 2019"]
[Source "ChessBase"]
[SourceDate "2018.10.10"]
[SourceVersion "1"]
[SourceVersionDate "2018.10.10"]
[SourceQuality "1"]

1. d3 d5 2. g3 Nf6 3. Bg2 c5 4. e4 dxe4 5. dxe4 Qxd1+ 6. Kxd1 Nc6 7. c3 e5 8. h3 Be6 9. Be3 O-O-O+ 10. Kc2 Nd7 11. Nd2 f6 12. Ne2 h5 13. h4 c4 14. Bh3 Bxh3 15. Rxh3 b5 16. a4 a6 17. axb5 axb5 18. Ra8+ Kb7 19. Rxd8 Nxd8 20. b3 cxb3+ 21. Nxb3 Ne6 22. Rh1 Bc5 23. Nxc5+ Ndxc5 24. f3 Ra8 25. Nc1 Kc6 26. Rd1 Ra4 27. Kb2 Rc4 28. Na2 Na6 29. Rd5 g6 30. Rd1 Kc7 31. Rd2 Nec5 32. Bxc5 Rxc5 33. Kb3 f5 34. exf5 gxf5 35. Nb4 Nxb4 36. Kxb4 Rc4+ 37. Kb3 f4 38. gxf4 Rxf4 39. Rd5 Kc6 40. Rxe5 Rxh4 41. Rf5 Rh1 42. f4 h4 43. Rh5 h3 44. Kb2 Rf1 45. Rxh3 1/2-1/2

[Event "Edmonton-ch"]
[Site "Edmonton CAN"]
[Date "2012.02.11"]
[Round "3.6"]
[White "Pechenkin, Vladimir"]
[Black "Gardner, Robert"]
[Result "1-0"]
[WhiteElo "2320"]
[BlackElo "2195"]
[PlyCount "97"]
[GameId "2160767909573003"]
[EventDate "2012.01.05"]
[EventType "k.o."]
[EventRounds "4"]
[EventCountry "CAN"]
[SourceTitle "EXT 2019"]
[Source "ChessBase"]
[SourceDate "2018.10.10"]
[SourceVersion "1"]
[SourceVersionDate "2018.10.10"]
[SourceQuality "1"]

1. c4 e6 2. g3 d5 3. Bg2 dxc4 4. Na3 Bxa3 5. bxa3 c6 6. Nf3 f6 7. O-O e5 8. a4 Be6 9. Rb1 Qc7 10. d4 cxd3 11. Qxd3 Na6 12. Ba3 Ne7 13. Rb2 O-O 14. Qd6 Qxd6 15. Bxd6 Rf7 16. Rxb7 Nf5 17. Rxf7 Kxf7 18. Ba3 Bxa2 19. e4 Ne7 20. Rc1 Rc8 21. Bf1 Nb8 22. Bc5 Nd7 23. Ba6 Rb8 24. Be3 Rb4 25. Ra1 Be6 26. Bxa7 Rxe4 27. a5 Rb4 28. Ne1 Bf5 29. Nd3 Bxd3 30. Bxd3 Nc8 31. Be3 c5 32. a6 Na7 33. Rc1 Ke6 34. Bxc5 Nxc5 35. Rxc5 Kd6 36. Rc1 g6 37. Bf1 f5 38. Rd1+ Rd4 39. Rb1 Kc6 40. Rb7 Rd7 41. Rb8 Rc7 42. h3 e4 43. g4 Nc8 44. gxf5 gxf5 45. Kh2 Nd6 46. Kg3 Rf7 47. Kf4 Rg7 48. Be2 Kc7 49. a7 1-0

[Event "Edmonton-ch"]
[Site "Edmonton CAN"]
[Date "2012.02.16"]
[Round "4.1"]
[White "Pechenkin, Vladimir"]
[Black "Porper, Edward"]
[Result "1-0"]
[WhiteElo "2320"]
[BlackElo "2441"]
[PlyCount "87"]
[GameId "2160767909573004"]
[EventDate "2012.01.05"]
[EventType "k.o."]
[EventRounds "4"]
[EventCountry "CAN"]
[SourceTitle "EXT 2019"]
[Source "ChessBase"]
[SourceDate "2018.10.10"]
[SourceVersion "1"]
[SourceVersionDate "2018.10.10"]
[SourceQuality "1"]

1. c4 b6 2. Nc3 Bb7 3. e4 e6 4. Nge2 Nf6 5. d3 c5 6. g3 Be7 7. Bg2 O-O 8. O-O Ne8 9. f4 f5 10. Be3 Na6 11. h3 Nac7 12. g4 g6 13. Ng3 Bh4 14. Nce2 Bf6 15. Rb1 fxe4 16. dxe4 d5 17. cxd5 exd5 18. e5 Bg7 19. b4 c4 20. Nd4 Qd7 21. Qc2 g5 22. Ngf5 gxf4 23. Bxf4 Ne6 24. Nxe6 Qxe6 25. Rbe1 Rd8 26. Kh1 Ba8 27. Nd4 Qe7 28. Qd2 Rc8 29. b5 c3 30. Qd3 Rc4 31. Nc6 Bxc6 32. Bxd5+ Bxd5+ 33. Qxd5+ Qf7 34. e6 Qxf4 35. e7+ Rf7 36. Rxf4 Rcxf4 37. Qd8 Rf1+ 38. Rxf1 Rxf1+ 39. Kg2 c2 40. Qxe8+ Bf8 41. exf8=Q+ Rxf8 42. Qe6+ Kg7 43. Qe5+ Kg8 44. Qd5+ 1-0

[Event "Edmonton-ch"]
[Site "Edmonton CAN"]
[Date "2012.02.23"]
[Round "4.2"]
[White "Porper, Edward"]
[Black "Pechenkin, Vladimir"]
[Result "1/2-1/2"]
[WhiteElo "2441"]
[BlackElo "2320"]
[PlyCount "151"]
[GameId "2160767909573005"]
[EventDate "2012.01.05"]
[EventType "k.o."]
[EventRounds "4"]
[EventCountry "CAN"]
[SourceTitle "EXT 2019"]
[Source "ChessBase"]
[SourceDate "2018.10.10"]
[SourceVersion "1"]
[SourceVersionDate "2018.10.10"]
[SourceQuality "1"]

1. d4 f5 2. c4 Nf6 3. Nc3 d6 4. h4 e6 5. Nf3 Be7 6. Qc2 O-O 7. Bg5 Ng4 8. e4 h6 9. Bxe7 Qxe7 10. O-O-O f4 11. h5 e5 12. c5 Be6 13. Kb1 dxc5 14. d5 Bf7 15. Bc4 a6 16. Nh4 Qg5 17. Nf3 Qe7 18. a4 Nd7 19. Qe2 Nb6 20. Ba2 Nc8 21. Rdg1 Nd6 22. g3 fxg3 23. Rxg3 Nf6 24. Qe3 Kh7 25. Qxc5 Nxh5 26. Rgh3 Nf4 27. R3h2 Bg6 28. Qe3 b5 29. Nh4 Rf6 30. Nxg6 Rxg6 31. Bb3 bxa4 32. Nxa4 Rb8 33. Nc5 Nb5 34. Rc1 Nd4 35. Bd1 Rb5 36. Na4 Rg1 37. f3 Rg6 38. Rd2 Ng2 39. Qf2 Nb3 40. Bxb3 Rxb3 41. Nc5 Rbb6 42. Ne6 Nf4 43. Rxc7 Qd6 44. Nxf4 Qxc7 45. Nxg6 Rxg6 46. Rc2 Qd8 47. Rc1 Rf6 48. Qg3 Qe8 49. Rg1 Rg6 50. Qf2 Rf6 51. Rg3 Qf7 52. Qg2 Rb6 53. Qc2 Rf6 54. Qc3 Qh5 55. Ka2 Qe8 56. Qb3 Qf7 57. Kb1 Qh5 58. Qb7 Rf7 59. Qxa6 Rxf3 60. Rxf3 Qxf3 61. Qc4 Qd1+ 62. Ka2 h5 63. Qc6 h4 64. d6 h3 65. Qd7 Qf1 66. Qf5+ Qxf5 67. exf5 h2 68. d7 h1=Q 69. d8=Q Qe4 70. Qd7 Kh8 71. Kb3 Qf3+ 72. Kc2 e4 73. b4 e3 74. Qe8+ Kh7 75. Qg6+ Kh8 76. Qe8+ 1/2-1/2

[Event "Elite POM"]
[Site "Montreal CAN"]
[Date "2012.10.05"]
[Round "1.1"]
[White "Roy, Myriam"]
[Black "Sambuev, Bator"]
[Result "0-1"]
[WhiteElo "2042"]
[BlackElo "2594"]
[PlyCount "94"]
[GameId "2160767909444740"]
[EventDate "2012.10.05"]
[EventType "swiss"]
[EventRounds "7"]
[EventCountry "CAN"]
[SourceTitle "EXT 2022"]
[Source "ChessBase"]
[SourceDate "2021.10.06"]
[SourceVersion "1"]
[SourceVersionDate "2021.10.06"]
[SourceQuality "1"]

1. e4 e6 2. d4 d5 3. Nc3 Bb4 4. e5 c5 5. Bd2 Nc6 6. Nb5 Bxd2+ 7. Qxd2 Nxd4 8. Nxd4 cxd4 9. Nf3 Ne7 10. Qxd4 Nc6 11. Qg4 O-O 12. Bd3 f6 13. Qh4 h6 14. exf6 Qxf6 15. Qxf6 Rxf6 16. c3 e5 17. Bc2 Bg4 18. Nd2 Rd8 19. O-O Kf8 20. f3 Bf5 21. Bxf5 Rxf5 22. Rad1 Rf4 23. Nb3 b6 24. Rf2 Ke7 25. Rfd2 Ke6 26. Nc1 g5 27. Re1 Ra4 28. g3 Rf8 29. Kg2 g4 30. f4 Re4 31. Rde2 Kf5 32. fxe5 Nxe5 33. Rd1 Rd8 34. Red2 Ke6 35. b3 Nf3 36. Rf2 Re3 37. Re2 Re5 38. Rxe5+ Kxe5 39. Nd3+ Ke4 40. Nf4 d4 41. cxd4 Rc8 42. Nd3 Rc2+ 43. Nf2+ Kd5 44. a4 a5 45. h3 Ng5 46. hxg4 Ne4 47. Rf1 Kxd4 0-1

[Event "Elite POM"]
[Site "Montreal CAN"]
[Date "2012.10.05"]
[Round "1.2"]
[White "Kovalyov, Anton"]
[Black "Wu, Qiyou"]
[Result "1-0"]
[WhiteElo "2589"]
[BlackElo "2041"]
[PlyCount "49"]
[GameId "2160767909444741"]
[EventDate "2012.10.05"]
[EventType "swiss"]
[EventRounds "7"]
[EventCountry "CAN"]
[SourceTitle "EXT 2022"]
[Source "ChessBase"]
[SourceDate "2021.10.06"]
[SourceVersion "1"]
[SourceVersionDate "2021.10.06"]
[SourceQuality "1"]

1. c4 c5 2. Nf3 Nc6 3. d4 cxd4 4. Nxd4 g6 5. e4 Bg7 6. Be3 d6 7. Nc3 Nf6 8. f3 O-O 9. Qd2 Bd7 10. Be2 a6 11. O-O Qa5 12. Nb3 Qc7 13. Nd5 Nxd5 14. cxd5 Na7 15. Rac1 Qb8 16. Na5 Bb5 17. Bxb5 Nxb5 18. Nc4 Qd8 19. Nb6 Rb8 20. Rc4 Bh6 21. Bxh6 Qxb6+ 22. Be3 Qd8 23. a4 Qd7 24. axb5 Qxb5 25. Qc3 1-0

[Event "Elite POM"]
[Site "Montreal CAN"]
[Date "2012.10.05"]
[Round "1.3"]
[White "Poulin, Mathieu"]
[Black "Jiang, Louie"]
[Result "0-1"]
[WhiteElo "2039"]
[BlackElo "2357"]
[PlyCount "76"]
[GameId "2160767909444742"]
[EventDate "2012.10.05"]
[EventType "swiss"]
[EventRounds "7"]
[EventCountry "CAN"]
[SourceTitle "EXT 2022"]
[Source "ChessBase"]
[SourceDate "2021.10.06"]
[SourceVersion "1"]
[SourceVersionDate "2021.10.06"]
[SourceQuality "1"]

1. d4 Nf6 2. c4 e6 3. Nc3 Bb4 4. Qc2 O-O 5. a3 Bxc3+ 6. Qxc3 d6 7. Nf3 b6 8. Bg5 Bb7 9. e3 Nbd7 10. Qc2 h6 11. Bh4 Qe7 12. Be2 Rfd8 13. O-O Nf8 14. h3 g5 15. Bg3 Kg7 16. Nd2 Ng6 17. f4 Nd7 18. Rae1 Rg8 19. Bh5 gxf4 20. exf4 Kh8 21. Qc3 Qf6 22. Ne4 Qg7 23. f5 Bxe4 24. Rxe4 Nf6 25. Rg4 Nxh5 26. fxg6 f5 27. Rh4 Qxg6 28. d5+ e5 29. Bxe5+ dxe5 30. Qxe5+ Rg7 31. g4 Re8 32. Qxf5 Ng3 33. Qf6 Kh7 34. Rf3 Qb1+ 35. Kg2 Qh1+ 36. Kxg3 Qg1+ 37. Kf4 Qh2+ 38. Kf5 Rg5+ 0-1

[Event "Elite POM"]
[Site "Montreal CAN"]
[Date "2012.10.05"]
[Round "1.4"]
[White "Kraiouchkine, Nikita"]
[Black "Abou Nassif, Ahmad"]
[Result "1-0"]
[WhiteElo "2322"]
[BlackElo "2025"]
[PlyCount "111"]
[GameId "2160767909444743"]
[EventDate "2012.10.05"]
[EventType "swiss"]
[EventRounds "7"]
[EventCountry "CAN"]
[SourceTitle "EXT 2022"]
[Source "ChessBase"]
[SourceDate "2021.10.06"]
[SourceVersion "1"]
[SourceVersionDate "2021.10.06"]
[SourceQuality "1"]

1. e4 b6 2. d4 Bb7 3. Nc3 e6 4. Bd3 Be7 5. Nf3 Nf6 6. Qe2 d6 7. Bg5 Nbd7 8. O-O-O Nxe4 9. Nxe4 Bxe4 10. Bxe4 Bxg5+ 11. Kb1 Rb8 12. Bc6 Bf6 13. Ne5 Bxe5 14. dxe5 O-O 15. exd6 cxd6 16. Rxd6 Qc7 17. Rhd1 Nf6 18. Qd3 b5 19. Qg3 Rfc8 20. c3 Qa5 21. Qe5 h6 22. Bf3 Qa4 23. R1d4 b4 24. Bd1 Qe8 25. c4 Rb7 26. g4 Rbc7 27. b3 Rc5 28. Qe3 e5 29. Rd2 e4 30. Qd4 e3 31. Re2 Qe4+ 32. Kb2 Qxd4+ 33. Rxd4 exf2 34. Rxf2 Re8 35. Bf3 Re3 36. Rd8+ Kh7 37. Rb8 a5 38. Rb5 Ree5 39. Rxc5 Rxc5 40. Kc2 Nd7 41. Kd3 g6 42. Kd4 f6 43. Re2 Re5 44. Rxe5 Nxe5 45. Be2 Kg7 46. Kc5 Kf7 47. Kd6 Ke8 48. c5 Nf7+ 49. Ke6 Ng5+ 50. Kxf6 Ne4+ 51. Kxg6 Nc3 52. Bc4 Nxa2 53. Kxh6 Nc1 54. g5 a4 55. Bb5+ Kf8 56. Bxa4 1-0

[Event "Elite POM"]
[Site "Montreal CAN"]
[Date "2012.10.05"]
[Round "1.5"]
[White "Le Duin, Thierry"]
[Black "Hambleton, Aman"]
[Result "0-1"]
[WhiteElo "2023"]
[BlackElo "2293"]
[PlyCount "84"]
[GameId "2160767909444744"]
[EventDate "2012.10.05"]
[EventType "swiss"]
[EventRounds "7"]
[EventCountry "CAN"]
[SourceTitle "EXT 2022"]
[Source "ChessBase"]
[SourceDate "2021.10.06"]
[SourceVersion "1"]
[SourceVersionDate "2021.10.06"]
[SourceQuality "1"]

1. d4 e6 2. Nf3 Nf6 3. Bg5 c5 4. e3 b6 5. Bd3 Bb7 6. Nbd2 cxd4 7. exd4 Be7 8. O-O O-O 9. c3 d6 10. Qc2 Nbd7 11. Ne4 h6 12. Bh4 Qc7 13. Rfe1 Rfe8 14. Rac1 Rac8 15. Qe2 Nxe4 16. Bxe4 Bxh4 17. Nxh4 Bxe4 18. Qxe4 Qc4 19. a3 b5 20. Nf3 a5 21. Nd2 Qc7 22. Qd3 Qb7 23. Qf3 d5 24. b4 a4 25. Re3 Rc6 26. Qe2 Nf6 27. f3 Rec8 28. Nb1 Ne8 29. Re1 Nd6 30. Rd3 Nc4 31. Qf2 Re8 32. Rdd1 f6 33. Re2 Rc7 34. Rde1 Rce7 35. Rd1 Qc6 36. h3 e5 37. dxe5 fxe5 38. Qc5 Qxc5+ 39. bxc5 Rd8 40. f4 e4 41. Nd2 Nxa3 42. Kf2 Rc8 0-1

[Event "Elite POM"]
[Site "Montreal CAN"]
[Date "2012.10.05"]
[Round "1.6"]
[White "Masse, Hugues"]
[Black "Cardin, Guillaume"]
[Result "1-0"]
[WhiteElo "2255"]
[BlackElo "2021"]
[PlyCount "59"]
[GameId "2160767909444745"]
[EventDate "2012.10.05"]
[EventType "swiss"]
[EventRounds "7"]
[EventCountry "CAN"]
[SourceTitle "EXT 2022"]
[Source "ChessBase"]
[SourceDate "2021.10.06"]
[SourceVersion "1"]
[SourceVersionDate "2021.10.06"]
[SourceQuality "1"]

1. d4 Nf6 2. c4 e6 3. g3 Bb4+ 4. Bd2 Qe7 5. Bg2 Nc6 6. Nf3 Bxd2+ 7. Nbxd2 d6 8. O-O O-O 9. e4 e5 10. d5 Nb8 11. b4 a5 12. a3 Na6 13. Rb1 Bd7 14. Qc2 c6 15. dxc6 bxc6 16. Ne1 axb4 17. axb4 Rfb8 18. Nd3 Nc7 19. Ra1 Qe8 20. Qb2 Bg4 21. f3 Bh5 22. Rxa8 Rxa8 23. c5 dxc5 24. bxc5 Rd8 25. Nxe5 Rxd2 26. Qxd2 Qxe5 27. Qd6 Qxd6 28. cxd6 Nb5 29. g4 Nxe4 30. d7 1-0

[Event "Elite POM"]
[Site "Montreal CAN"]
[Date "2012.10.05"]
[Round "1.7"]
[White "Gueorguiev, Valentin"]
[Black "Larochelle, Martial"]
[Result "0-1"]
[WhiteElo "1996"]
[BlackElo "2201"]
[PlyCount "74"]
[GameId "2160767909444746"]
[EventDate "2012.10.05"]
[EventType "swiss"]
[EventRounds "7"]
[EventCountry "CAN"]
[SourceTitle "EXT 2022"]
[Source "ChessBase"]
[SourceDate "2021.10.06"]
[SourceVersion "1"]
[SourceVersionDate "2021.10.06"]
[SourceQuality "1"]

1. Nf3 Nf6 2. d4 g6 3. g3 Bg7 4. Bg2 d5 5. O-O c6 6. c4 dxc4 7. Nc3 O-O 8. Ne5 Ng4 9. Nxg4 Bxg4 10. h3 Be6 11. d5 cxd5 12. Nxd5 Nc6 13. Rb1 Nd4 14. Nf4 Bf5 15. e4 Bd7 16. Be3 e5 17. Nd5 Be6 18. f4 Bxd5 19. exd5 Nf5 20. Qf3 e4 21. Qf2 Qxd5 22. Rfd1 Qe6 23. g4 Nxe3 24. Qxe3 Rfe8 25. Re1 Rad8 26. Kh1 Rd4 27. Rbc1 b5 28. Bf1 Qd7 29. b3 cxb3 30. Qxb3 a6 31. Qe3 Ra4 32. Rc2 Bd4 33. Qg3 Qd6 34. Rd1 e3 35. Re2 Re4 36. Rxe3 Rxe3 37. Qxe3 Qc6+ 0-1

[Event "Elite POM"]
[Site "Montreal CAN"]
[Date "2012.10.05"]
[Round "1.8"]
[White "Chiku-Ratte, Olivier-Kenta"]
[Black "Zhou, Qiyu"]
[Result "1-0"]
[WhiteElo "2172"]
[BlackElo "1921"]
[PlyCount "91"]
[GameId "2160767909444747"]
[EventDate "2012.10.05"]
[EventType "swiss"]
[EventRounds "7"]
[EventCountry "CAN"]
[SourceTitle "EXT 2022"]
[Source "ChessBase"]
[SourceDate "2021.10.06"]
[SourceVersion "1"]
[SourceVersionDate "2021.10.06"]
[SourceQuality "1"]

1. d4 Nf6 2. c4 e6 3. Nc3 Bb4 4. e3 O-O 5. Bd3 d5 6. Nf3 c5 7. O-O Nbd7 8. a3 cxd4 9. exd4 Bxc3 10. bxc3 dxc4 11. Bxc4 Qc7 12. Qb3 b6 13. Re1 Bb7 14. Nd2 Rac8 15. Bb2 Nd5 16. Rac1 N7f6 17. Bf1 Qf4 18. Nf3 Ne7 19. Ne5 Ng4 20. Nxg4 Qxg4 21. h3 Qg5 22. Rcd1 Nf5 23. Bc1 Qg6 24. Re5 Rfd8 25. a4 Nd6 26. c4 Ne4 27. Be3 f5 28. a5 Ba8 29. axb6 Rb8 30. c5 Bd5 31. Qb4 axb6 32. cxb6 Nf6 33. Bf4 Nd7 34. Rxd5 exd5 35. Bxb8 Rxb8 36. b7 Qc6 37. Rb1 Nf6 38. Qa5 Ne4 39. Qa7 Qe8 40. Bb5 Qd8 41. Bc6 Nf6 42. Ra1 Kf7 43. Qc5 Ne4 44. Qxd5+ Qxd5 45. Bxd5+ Ke7 46. Ra8 1-0

[Event "Elite POM"]
[Site "Montreal CAN"]
[Date "2012.10.05"]
[Round "1.9"]
[White "Sprumont, Oscar"]
[Black "Ibrahim, Anthony"]
[Result "0-1"]
[WhiteElo "1916"]
[BlackElo "2166"]
[PlyCount "70"]
[GameId "2160767909444748"]
[EventDate "2012.10.05"]
[EventType "swiss"]
[EventRounds "7"]
[EventCountry "CAN"]
[SourceTitle "EXT 2022"]
[Source "ChessBase"]
[SourceDate "2021.10.06"]
[SourceVersion "1"]
[SourceVersionDate "2021.10.06"]
[SourceQuality "1"]

1. e4 c5 2. c3 Nf6 3. e5 Nd5 4. d4 cxd4 5. Nf3 Nc6 6. cxd4 e6 7. Nc3 Nxc3 8. bxc3 d6 9. Bf4 Qa5 10. Qd2 dxe5 11. Nxe5 Be7 12. Bd3 O-O 13. O-O Nxe5 14. Bxe5 Bd7 15. Qc2 g6 16. Qd2 f6 17. Bf4 Rac8 18. c4 Qxd2 19. Bxd2 Rfd8 20. Rab1 Bc6 21. Bc3 b5 22. Rfe1 Kf7 23. cxb5 Bxg2 24. Kxg2 Rxc3 25. Rbd1 f5 26. Bf1 Bf6 27. Re3 Rc2 28. Ra3 Bxd4 29. Rxd4 Rxd4 30. Rxa7+ Kf6 31. a4 Rf4 32. Kg3 Rcxf2 33. Bg2 g5 34. b6 Rb2 35. b7 Rb3+ 0-1

[Event "Elite POM"]
[Site "Montreal CAN"]
[Date "2012.10.05"]
[Round "1.10"]
[White "Yu, Zong Yang"]
[Black "Cote-Lalumiere, Tristan"]
[Result "1-0"]
[WhiteElo "2139"]
[BlackElo "1840"]
[PlyCount "57"]
[GameId "2160767909444749"]
[EventDate "2012.10.05"]
[EventType "swiss"]
[EventRounds "7"]
[EventCountry "CAN"]
[SourceTitle "EXT 2022"]
[Source "ChessBase"]
[SourceDate "2021.10.06"]
[SourceVersion "1"]
[SourceVersionDate "2021.10.06"]
[SourceQuality "1"]

1. d4 Nf6 2. c4 c5 3. Nf3 g6 4. Nc3 Bg7 5. d5 d6 6. h3 b5 7. cxb5 a6 8. e4 O-O 9. b6 Qxb6 10. Be2 a5 11. O-O Ba6 12. Rb1 Rc8 13. Be3 Nfd7 14. Bxa6 Qxa6 15. Bf4 c4 16. Qd2 Nc5 17. e5 Nd3 18. e6 f5 19. Bh6 Ne5 20. Nh4 Qa7 21. Kh1 Bf6 22. Bg5 Rf8 23. Bxf6 Rxf6 24. Qh6 Nd3 25. Nf3 g5 26. Qxg5+ Rg6 27. Qh4 Na6 28. Nd4 Re8 29. Nxf5 1-0

[Event "Elite POM"]
[Site "Montreal CAN"]
[Date "2012.10.05"]
[Round "1.11"]
[White "Wan, Kevin"]
[Black "Libersan, Thierry"]
[Result "1-0"]
[WhiteElo "1828"]
[BlackElo "2111"]
[PlyCount "107"]
[GameId "2160767909444750"]
[EventDate "2012.10.05"]
[EventType "swiss"]
[EventRounds "7"]
[EventCountry "CAN"]
[SourceTitle "EXT 2022"]
[Source "ChessBase"]
[SourceDate "2021.10.06"]
[SourceVersion "1"]
[SourceVersionDate "2021.10.06"]
[SourceQuality "1"]

1. e4 c5 2. Nf3 e6 3. d4 cxd4 4. Nxd4 Nc6 5. Nc3 Qc7 6. Be2 a6 7. a4 Nf6 8. O-O Bb4 9. Bf3 Ne5 10. Bd2 Bc5 11. Nb3 Ba7 12. Nc1 Nc4 13. Nd3 Nxd2 14. Qxd2 d6 15. Rad1 O-O 16. Nf4 Bb8 17. g3 Bd7 18. Nfe2 Rc8 19. Bg2 Be8 20. Kh1 h6 21. f4 Nd7 22. f5 Nf6 23. fxe6 fxe6 24. Bh3 Qe7 25. Nf4 Bf7 26. Rde1 Bc7 27. Nd3 Rd8 28. Rf4 e5 29. Rf3 Bh5 30. g4 Bf7 31. Ref1 Be6 32. g5 hxg5 33. Bxe6+ Qxe6 34. Rxf6 gxf6 35. Nd5 Rf8 36. Nxc7 Qh3 37. Rf5 Rac8 38. Nd5 Kg7 39. Ne3 Rf7 40. Nf2 Qh5 41. Neg4 Rc6 42. Nxf6 Rxf6 43. Rxg5+ Qxg5 44. Qxg5+ Kf7 45. Qd2 Ke7 46. h3 Rc8 47. Kg2 Rf4 48. Qd3 Rcf8 49. Qe3 Ke6 50. c4 R8f7 51. b3 Rh7 52. Qd3 Kd7 53. Qd5 Rhf7 54. Ng4 1-0

[Event "Elite POM"]
[Site "Montreal CAN"]
[Date "2012.10.05"]
[Round "1.12"]
[White "Zhu, Hong Rui"]
[Black "Nikulich, Oleksandr"]
[Result "1-0"]
[WhiteElo "2074"]
[BlackElo "1825"]
[PlyCount "55"]
[GameId "2160767909444751"]
[EventDate "2012.10.05"]
[EventType "swiss"]
[EventRounds "7"]
[EventCountry "CAN"]
[SourceTitle "EXT 2022"]
[Source "ChessBase"]
[SourceDate "2021.10.06"]
[SourceVersion "1"]
[SourceVersionDate "2021.10.06"]
[SourceQuality "1"]

1. e4 e5 2. Nf3 Nc6 3. Bb5 a6 4. Ba4 Nf6 5. O-O Be7 6. Re1 b5 7. Bb3 d6 8. c3 O-O 9. h3 h6 10. d4 Nd7 11. Nbd2 Bf6 12. Nf1 Bb7 13. Ng3 Ne7 14. Be3 Re8 15. Nh2 exd4 16. cxd4 Ng6 17. Qh5 Ndf8 18. Ng4 Bc8 19. Nf5 Nh8 20. Ngxh6+ gxh6 21. Nxh6+ Kg7 22. Nxf7 Be6 23. Nxd8 Raxd8 24. e5 Be7 25. Bh6+ Kg8 26. Qg4+ Nhg6 27. Bxf8 Kxf8 28. Qxe6 1-0